000 00443cam a2200169ua 4500
041 _aeng
_h
082 _a822
_bEUR/EU
100 _aEuripides, .
245 _aEuripides Plays, Vol 2 /
_cEuripides.
_hTextual Documents
260 _aLondon :
_bJ M Dent and Sons Ltd ,
_c1959.
300 _a374 ; .
440 0 _aEveryman`s Library,
_v271
_x;
490 0 _aEveryman`s Library,
_v271
_x;
504 _a
942 _cBK
999 _c5891
_d5891